000 nam a22 7a 4500
999 _c126401
_d126401
008 170411b xxu||||| |||| 00| 0 eng d
050 _aHN800.A39
245 _aSADC Regional Human Development Report 2000
_bchallenges and opportunities for regional integration
_cUnited Nations Development Programme
260 _aHarare
_bSAPES Books
_c2000
300 _a302p. ;
_c30cm.
650 _aAfrica, Southern
_xSocial conditions
_928995
650 _aAfrica, Southern
_xEconomic conditions
_928996
650 _aAfrica, Southern
_xPolitics
_924755
710 _aUnited Nations Development Programme (UNDP)
_929913
942 _2lcc
_cMONOGRAPH